the LEAF THIEF

Bibliographic Details
Main Author: Hemming, Alice (Author)
Format: Book
Published: London : Scholastic 2020
Subjects:

MARC

LEADER 00000cam a2200000 7i4500
001 0000287247
005 20240403143710.0
006 aa ###### ###
007 t
020 |a 9781407191447 
040 |a MBPJ   |b eng   |c MBPJ   |e rda 
090 0 0 |a JF   |b HEM 
100 1 |a Hemming, Alice ,   |e author 
245 1 4 |a the LEAF THIEF   |c Alice Hemming and Nicola Slatter 
264 1 |a London :   |b Scholastic   |c 2020 
264 4 |c @2020 
300 |a 1 volume (various paging) :   |b colour illustrations ;   |c 27 cm. 
336 |a text  |2 rdacontent 
337 |a unmediated  |2 rdamedia 
338 |a volume  |2 rdacarrier 
650 0 |a Children's stories 
999 |a 00394656   |b BUKU   |c JUNIOR FICTION   |e PERPUSTAKAAN KOMUNITI PETALING JAYA